| 000 | 00860nam a22002057a 4500 | ||
|---|---|---|---|
| 999 |
_c194605 _d194605 |
||
| 005 | 20230111114237.0 | ||
| 010 | _aB-746314-321 E.N.A/7.11.22 | ||
| 020 |
_a9788195640102 _c405.00 |
||
| 035 | _aB-746314-321 | ||
| 037 | _bPansy Books | ||
| 082 | _a301 | ||
| 245 |
_aChronicle Sociology IAS Mains Q&A: _b17 Years Solved Topic-wise Solutions of Previous Years' Papers _cEdited by N.N. Ojha |
||
| 260 |
_aNoida _bChronicle Publication _c2022 |
||
| 270 |
_aA-27D, Sector 16 _bNoida _e201301 |
||
| 300 |
_a416p. _c28cm(pbk) |
||
| 500 | _aAlso Useful for all State Public Service Commission and other Examination/ | ||
| 700 | _aOjha, N.N. | ||
| 942 |
_2ddc _cEN _mSOC _h301 |
||